00702nam a2200241 a 4500001001300000003000900013005001700022008004100039020000800080082001700088100002000105245005600125260003200181300000900213500003500222505001400257650002600271700002000297902000800317942000700325952011300332999001500445nice12345678IN_TiNIC20260116011411.0050524s1905 dela grp 000 0 urd  ac600a922.97bIQB3 aIqbal, Mohammad aKulliyat-E-Iqbal, Majmua-E-Kalam Kurdu Allama Iqbal aDelhibNew Taj Officec1905 a464p aincludes index and biblioraphy2 areference aIqbal Muhammad-Poetry1 aIqbal, Mohammad bSRS cBK 001040708StackRoom-aHMIbHMId2007-06-06g6.00l0o922.97 IQB3p04852r2007-06-06v6.00w2005-05-24yBK c1201d1201